[Event "DSJ Weihnachtsturnier U16: Steinitz 2020"]
[Site ""]
[Date "2020.12.28"]
[Round "6"]
[White "Kraus, Joel"]
[Black "Neumeyer, Luka"]
[Result "1-0"]
[Termination "normal"]
[Board "10.4"]
[WhiteElo "1291"]
[BlackElo "799"]
[WhiteTeam "SG Rochade Kuppenheim 1979"]
[BlackTeam "TSV Solln"]
[PlyCount "65"]
[EventRounds "7"]
[EventType "team-swiss"]
[EventDate "2020.12.28"]

1. e4 {[%emt 0:00:04]} e5 {[%emt 0:00:04]} 2. Nf3 {[%emt 0:00:05]} Nc6 { [%emt
0:00:03]} 3. Bc4 {[%emt 0:00:04]} Nf6 {[%emt 0:00:08]} 4. Ng5 {[%emt 0:00:08]}
d5 {[%emt 0:00:13]} 5. exd5 {[%emt 0:00:03]} Nxd5 {[%emt 0:00:02]} 6. d3 {[%emt
0:00:11]} f6 {[%emt 0:00:04]} 7. Ne4 {[%emt 0:00:09]} Be6 {[%emt 0:00:08]} 8.
O-O {[%emt 0:00:13]} Nd4 {[%emt 0:00:05]} 9. c3 {[%emt 0:00:10]} Nf5 {[%emt
0:00:07]} 10. Re1 {[%emt 0:00:29]} Nh4 {[%emt 0:00:04]} 11. Qh5+ { [%emt
0:00:11]} g6 {[%emt 0:00:10]} 12. Qxh4 {[%emt 0:00:05]} f5 {[%emt 0:00:25]} 13.
Qxd8+ {[%emt 0:00:22]} Rxd8 {[%emt 0:00:06]} 14. Nf6+ {[%emt 0:00:19]} Ke7
{[%emt 0:00:13]} 15. Nxd5+ {[%emt 0:00:11]} Bxd5 {[%emt 0:00:04]} 16. Rxe5+
{[%emt 0:00:04]} Kf6 {[%emt 0:00:23]} 17. Rxd5 {[%emt 0:00:05]} Rxd5 {[%emt
0:00:10]} 18. Bxd5 {[%emt 0:00:03]} c6 {[%emt 0:00:03]} 19. Bf3 {[%emt
0:00:04]} Bc5 {[%emt 0:00:07]} 20. d4 {[%emt 0:00:06]} Bd6 {[%emt 0:00:04]} 21.
b4 { [%emt 0:00:07]} Re8 {[%emt 0:00:03]} 22. g3 {[%emt 0:00:14]} Re1+ {[%emt
0:00:15]} 23. Kg2 {[%emt 0:00:04]} Rxc1 {[%emt 0:00:03]} 24. g4 {[%emt
0:00:10]} fxg4 {[%emt 0:00:06]} 25. Bxg4 {[%emt 0:00:08]} h5 {[%emt 0:00:03]}
26. Be2 { [%emt 0:00:08]} Rc2 {[%emt 0:00:17]} 27. Bd3 {[%emt 0:00:19]} Rc1
{[%emt 0:00:08]} 28. a3 {[%emt 0:00:18]} Kg5 {[%emt 0:00:08]} 29. Ra2 {[%emt
0:00:06]} Rd1 {[%emt 0:00:06]} 30. Nd2 {[%emt 0:00:16]} Bf4 {[%emt 0:00:10]}
31. Nf3+ { [%emt 0:00:14]} Kg4 {[%emt 0:00:06]} 32. Bxg6 {[%emt 0:00:05]} Rc1
{[%emt 0:00:31]} 33. h3# {[%emt 0:00:03]} 1-0

[Event "DSJ Weihnachtsturnier U16: Steinitz 2020"]
[Site ""]
[Date "2020.12.28"]
[Round "6"]
[White "Burns, Mikala Tristan"]
[Black "Gavrylyuk, Oleksandr"]
[Result "0-1"]
[Termination "normal"]
[Board "11.1"]
[WhiteElo "1574"]
[BlackElo "1030"]
[WhiteTeam "SG Grün-Weiß Dresden"]
[BlackTeam "TuS Makkabi Rostock 3"]
[PlyCount "76"]
[WhiteFideId "16288459"]
[BlackFideId "34609083"]
[EventRounds "7"]
[EventType "team-swiss"]
[EventDate "2020.12.28"]

1. e4 {[%emt 0:00:05]} c5 {[%emt 0:00:02]} 2. Nf3 {[%emt 0:00:02]} Nc6 { [%emt
0:00:03]} 3. d4 {[%emt 0:00:02]} cxd4 {[%emt 0:00:04]} 4. Nxd4 {[%emt 0:00:00]}
g6 {[%emt 0:00:03]} 5. c4 {[%emt 0:00:04]} Bg7 {[%emt 0:00:03]} 6. Be3 {[%emt
0:00:01]} Nf6 {[%emt 0:00:29]} 7. Nc3 {[%emt 0:00:02]} Ng4 {[%emt 0:00:08]} 8.
Qxg4 {[%emt 0:00:04]} Nxd4 {[%emt 0:00:02]} 9. Qd1 {[%emt 0:00:08]} Ne6 {[%emt
0:00:07]} 10. Qd2 {[%emt 0:00:11]} Qa5 {[%emt 0:00:15]} 11. Be2 { [%emt
0:00:12]} d6 {[%emt 0:00:06]} 12. O-O {[%emt 0:00:02]} O-O {[%emt 0:00:03]} 13.
Nd5 {[%emt 0:00:10]} Qxd2 {[%emt 0:00:06]} 14. Nxe7+ {[%emt 0:00:04]} Kh8
{[%emt 0:00:04]} 15. Bxd2 {[%emt 0:00:03]} Bxb2 {[%emt 0:00:12]} 16. Rab1 {
[%emt 0:00:02]} Bf6 {[%emt 0:00:06]} 17. Nxc8 {[%emt 0:00:02]} Rfxc8 {[%emt
0:00:04]} 18. Rxb7 {[%emt 0:00:02]} Nc5 {[%emt 0:00:11]} 19. Rxf7 {[%emt
0:00:26] } Nxe4 {[%emt 0:00:04]} 20. Bh6 {[%emt 0:00:33]} Be5 {[%emt 0:00:36]}
21. Bf3 { [%emt 0:00:38]} Rxc4 {[%emt 0:00:09]} 22. Rb1 {[%emt 0:00:13]} Rac8
{[%emt 0:00:20]} 23. Bxe4 {[%emt 0:00:09]} Rxe4 {[%emt 0:00:08]} 24. Rxa7
{[%emt 0:00:19]} Bd4 {[%emt 0:00:18]} 25. Rf7 {[%emt 0:00:04]} Re2 {[%emt
0:00:05]} 26. a4 {[%emt 0:00:13]} Kg8 {[%emt 0:00:09]} 27. Rf3 {[%emt 0:00:11]}
Rec2 {[%emt 0:00:13]} 28. a5 {[%emt 0:00:10]} Bg7 {[%emt 0:00:04]} 29. Be3
{[%emt 0:00:23]} Bd4 {[%emt 0:00:26]} 30. g3 {[%emt 0:00:05]} Bxe3 {[%emt
0:00:06]} 31. Rxe3 { [%emt 0:00:10]} Ra2 {[%emt 0:00:07]} 32. Rb5 {[%emt
0:00:03]} Rf8 {[%emt 0:00:08]} 33. f4 {[%emt 0:00:12]} Rc8 {[%emt 0:00:09]} 34.
Re1 {[%emt 0:00:35]} Rcc2 {[%emt 0:00:09]} 35. Rb8+ {[%emt 0:00:10]} Kg7 {[%emt
0:00:05]} 36. Rb7+ { [%emt 0:00:04]} Kh6 {[%emt 0:00:02]} 37. g4 {[%emt
0:00:15]} Rg2+ {[%emt 0:00:05]} 38. Kf1 {[%emt 0:00:05]} Raf2# {[%emt 0:00:03]}
0-1

[Event "DSJ Weihnachtsturnier U16: Steinitz 2020"]
[Site ""]
[Date "2020.12.28"]
[Round "6"]
[White "Markovych, Leonid"]
[Black "Seymer, Adam"]
[Result "1/2-1/2"]
[Termination "normal"]
[Board "11.2"]
[WhiteElo "1218"]
[BlackElo "1249"]
[WhiteTeam "TuS Makkabi Rostock 3"]
[BlackTeam "SG Grün-Weiß Dresden"]
[PlyCount "175"]
[WhiteFideId "34618449"]
[BlackFideId "34651802"]
[EventRounds "7"]
[EventType "team-swiss"]
[EventDate "2020.12.28"]

1. d4 {[%emt 0:00:04]} Nf6 {[%emt 0:00:09]} 2. c4 {[%emt 0:00:03]} g6 {[%emt
0:00:05]} 3. Nc3 {[%emt 0:00:03]} Bg7 {[%emt 0:00:04]} 4. e4 {[%emt 0:00:03]}
O-O {[%emt 0:00:03]} 5. f3 {[%emt 0:00:03]} d6 {[%emt 0:00:08]} 6. Be3 {[%emt
0:00:05]} Nbd7 {[%emt 0:00:02]} 7. Qd2 {[%emt 0:00:06]} Re8 {[%emt 0:00:04]} 8.
g4 { [%emt 0:00:13]} c5 {[%emt 0:00:06]} 9. d5 {[%emt 0:00:06]} e6 {[%emt
0:00:36]} 10. Nge2 {[%emt 0:00:35]} exd5 {[%emt 0:00:22]} 11. cxd5 {[%emt
0:00:28]} Ne5 { [%emt 0:00:21]} 12. Bg2 {[%emt 0:00:14]} Nc4 {[%emt 0:01:03]}
13. Qc1 {[%emt 0:00:05]} Qb6 {[%emt 0:00:05]} 14. b3 {[%emt 0:00:29]} Nxe3
{[%emt 0:00:33]} 15. Qxe3 {[%emt 0:00:05]} Qa5 {[%emt 0:00:28]} 16. Qd2 {[%emt
0:00:13]} Nxd5 { [%emt 0:01:01]} 17. Nxd5 {[%emt 0:00:43]} Qxd2+ {[%emt
0:00:13]} 18. Kxd2 { [%emt 0:00:03]} Bxa1 {[%emt 0:00:08]} 19. Rxa1 {[%emt
0:00:02]} Rd8 {[%emt 0:00:18]} 20. Nec3 {[%emt 0:00:22]} Be6 {[%emt 0:00:06]}
21. Nc7 {[%emt 0:00:10]} Rac8 {[%emt 0:00:05]} 22. Nxe6 {[%emt 0:00:02]} fxe6
{[%emt 0:00:05]} 23. Bf1 { [%emt 0:00:02]} Rf8 {[%emt 0:00:19]} 24. Be2 {[%emt
0:00:07]} Rcd8 {[%emt 0:00:09]} 25. Rc1 {[%emt 0:00:50]} a6 {[%emt 0:00:04]}
26. a4 {[%emt 0:00:17]} d5 { [%emt 0:00:05]} 27. exd5 {[%emt 0:00:06]} exd5
{[%emt 0:00:05]} 28. Nd1 { [%emt 0:00:08]} Rc8 {[%emt 0:00:14]} 29. Ne3 {[%emt
0:00:19]} d4 {[%emt 0:00:11]} 30. Nc4 {[%emt 0:00:04]} Rf6 {[%emt 0:00:13]} 31.
Kd1 {[%emt 0:00:37]} Rd8 {[%emt 0:00:16]} 32. Nd2 {[%emt 0:00:33]} d3 {[%emt
0:01:00]} 33. Bf1 {[%emt 0:00:41]} b6 {[%emt 0:00:20]} 34. Rc3 {[%emt 0:00:12]}
Rfd6 {[%emt 0:00:10]} 35. Ne4 {[%emt 0:00:47]} Rd4 {[%emt 0:00:10]} 36. Kd2
{[%emt 0:00:13]} Rf8 { [%emt 0:00:38]} 37. Ke3 {[%emt 0:00:43]} Rfd8 {[%emt
0:00:45]} 38. Rxd3 { [%emt 0:00:08]} Rxd3+ {[%emt 0:00:03]} 39. Bxd3 {[%emt
0:00:02]} b5 {[%emt 0:00:02]} 40. axb5 {[%emt 0:00:06]} axb5 {[%emt 0:00:01]}
41. Bxb5 {[%emt 0:00:05]} Rb8 {[%emt 0:00:01]} 42. Bc4+ {[%emt 0:00:02]} Kg7
{[%emt 0:00:01]} 43. Nxc5 {[%emt 0:00:12]} Kh6 {[%emt 0:00:04]} 44. Ne4 {[%emt
0:00:13]} Re8 { [%emt 0:00:02]} 45. b4 {[%emt 0:00:07]} Rb8 {[%emt 0:00:02]}
46. b5 {[%emt 0:00:01]} Rb7 {[%emt 0:00:01]} 47. Bd3 {[%emt 0:00:14]} Rb6
{[%emt 0:00:01]} 48. Kd4 {[%emt 0:00:06]} Kg7 {[%emt 0:00:01]} 49. Kc5 {[%emt
0:00:02]} Rb8 { [%emt 0:00:02]} 50. b6 {[%emt 0:00:02]} Kf7 {[%emt 0:00:01]}
51. Kc6 {[%emt 0:00:02]} Ke7 {[%emt 0:00:01]} 52. b7 {[%emt 0:00:02]} Kd8
{[%emt 0:00:01]} 53. Nc5 {[%emt 0:00:06]} g5 {[%emt 0:00:03]} 54. Bf5 {[%emt
0:00:06]} Ke7 {[%emt 0:00:02]} 55. Na6 {[%emt 0:00:03]} Rh8 {[%emt 0:00:03]}
56. b8=Q {[%emt 0:00:03]} Rxb8 {[%emt 0:00:02]} 57. Nxb8 {[%emt 0:00:01]} Kf6
{[%emt 0:00:01]} 58. Nd7+ { [%emt 0:00:02]} Ke7 {[%emt 0:00:02]} 59. Nc5 {[%emt
0:00:05]} Kf7 {[%emt 0:00:01]} 60. Kd6 {[%emt 0:00:02]} h6 {[%emt 0:00:01]} 61.
Ne6 {[%emt 0:00:05]} Kf6 {[%emt 0:00:02]} 62. f4 {[%emt 0:00:01]} gxf4 {[%emt
0:00:01]} 63. Nxf4 { [%emt 0:00:01]} Kg5 {[%emt 0:00:01]} 64. Ke5 {[%emt
0:00:02]} Kh4 {[%emt 0:00:03]} 65. h3 {[%emt 0:00:03]} Kg5 {[%emt 0:00:02]} 66.
Ng2 {[%emt 0:00:03]} h5 { [%emt 0:00:05]} 67. gxh5 {[%emt 0:00:03]} Kxh5 {[%emt
0:00:01]} 68. h4 { [%emt 0:00:02]} Kh6 {[%emt 0:00:02]} 69. Bg4 {[%emt
0:00:05]} Kg7 {[%emt 0:00:01]} 70. h5 {[%emt 0:00:01]} Kh7 {[%emt 0:00:04]} 71.
Kf5 {[%emt 0:00:01]} Kg7 {[%emt 0:00:01]} 72. Kg5 {[%emt 0:00:02]} Kh7 {[%emt
0:00:01]} 73. h6 {[%emt 0:00:01]} Kh8 {[%emt 0:00:01]} 74. Kg6 {[%emt 0:00:02]}
Kg8 {[%emt 0:00:01]} 75. Nf4 {[%emt 0:00:03]} Kh8 {[%emt 0:00:01]} 76. Ne6
{[%emt 0:00:03]} Kg8 { [%emt 0:00:01]} 77. Ng5 {[%emt 0:00:03]} Kf8 {[%emt
0:00:01]} 78. h7 {[%emt 0:00:01]} Ke7 {[%emt 0:00:01]} 79. h8=Q {[%emt
0:00:01]} Kd6 {[%emt 0:00:01]} 80. Qf6+ {[%emt 0:00:01]} Kd5 {[%emt 0:00:01]}
81. Qe6+ {[%emt 0:00:01]} Kc5 { [%emt 0:00:02]} 82. Qd7 {[%emt 0:00:01]} Kc4
{[%emt 0:00:01]} 83. Be2+ { [%emt 0:00:01]} Kc5 {[%emt 0:00:01]} 84. Qd3 {[%emt
0:00:02]} Kc6 {[%emt 0:00:01]} 85. Qd4 {[%emt 0:00:01]} Kc7 {[%emt 0:00:01]}
86. Qd5 {[%emt 0:00:01]} Kb6 {[%emt 0:00:01]} 87. Qc4 {[%emt 0:00:02]} Ka5
{[%emt 0:00:02]} 88. Qb3 { [%emt 0:00:03]} 1/2-1/2

[Event "DSJ Weihnachtsturnier U16: Steinitz 2020"]
[Site ""]
[Date "2020.12.28"]
[Round "6"]
[White "Aschenbach, Gustav"]
[Black "Mochtak, Maximilian"]
[Result "0-1"]
[Termination "time forfeit"]
[Board "11.3"]
[WhiteElo "1370"]
[BlackElo "1007"]
[WhiteTeam "SG Grün-Weiß Dresden"]
[BlackTeam "TuS Makkabi Rostock 3"]
[PlyCount "64"]
[BlackFideId "34618562"]
[EventRounds "7"]
[EventType "team-swiss"]
[EventDate "2020.12.28"]

1. d4 { [%emt 0:00:05]} d5 {[%emt 0:00:03]} 2. c4 {[%emt 0:00:06]} e6 {[%emt
0:00:06]} 3. Nc3 {[%emt 0:00:06]} Nc6 {[%emt 0:00:06]} 4. Nf3 {[%emt 0:00:03]}
Nf6 { [%emt 0:00:10]} 5. Bf4 {[%emt 0:00:03]} Bb4 {[%emt 0:00:15]} 6. Rc1
{[%emt 0:00:04]} O-O {[%emt 0:00:14]} 7. e3 {[%emt 0:00:02]} Ne4 {[%emt
0:00:07]} 8. Bd3 {[%emt 0:00:08]} Nxc3 {[%emt 0:00:21]} 9. bxc3 {[%emt
0:00:04]} Ba3 {[%emt 0:00:05]} 10. Rb1 {[%emt 0:00:05]} b6 {[%emt 0:00:27]} 11.
cxd5 {[%emt 0:01:21]} exd5 {[%emt 0:00:09]} 12. O-O {[%emt 0:00:10]} Bg4 {[%emt
0:00:22] Dresden1-003 reconnected.} 13. h3 {[%emt 0:00:20] Dresden1-003
reconnected.} Bxf3 {[%emt 0:00:19] Dresden1-003 reconnected.} 14. Qxf3 {[%emt
0:06:09] Dresden1-003 reconnected.} a5 {[%emt 0:01:13] Dresden1-003
reconnected. Dresden1-003 reconnected.} 15. Qg3 {[%emt 0:00:28]} Rc8 {[%emt
0:00:18] Dresden1-003 reconnected.} 16. Bh6 {[%emt 0:00:22]} Qf6 {[%emt
0:00:21] Dresden1-003 reconnected.} 17. Bg5 {[%emt 0:00:42]} Qg6 {[%emt
0:00:18]} 18. Bxg6 {[%emt 0:00:03]} hxg6 {[%emt 0:00:03]} 19. h4 {[%emt
0:00:03]} Rfe8 { [%emt 0:00:14]} 20. Qh3 {[%emt 0:00:02]} Kf8 {[%emt 0:00:14]}
21. h5 {[%emt 0:00:01]} gxh5 {[%emt 0:00:03]} 22. Qxh5 {[%emt 0:00:00]} f6
{[%emt 0:00:25]} 23. Bf4 {[%emt 0:00:04]} Ke7 {[%emt 0:00:14]} 24. Qg6 {[%emt
0:00:00]} Kd7 { [%emt 0:00:23]} 25. Rfe1 {[%emt 0:00:00]} Rcd8 {[%emt 0:00:02]}
26. e4 { [%emt 0:00:03]} Kc8 {[%emt 0:00:14]} 27. Qxg7 {[%emt 0:00:01]} dxe4
{[%emt 0:00:05]} 28. Qxf6 {[%emt 0:00:03]} Rf8 {[%emt 0:00:06]} 29. Qg7 {[%emt
0:00:02]} Rxf4 {[%emt 0:00:04]} 30. Rbd1 {[%emt 0:00:04]} Bb2 {[%emt 0:00:10]}
31. Qg5 { [%emt 0:00:02]} Rf7 {[%emt 0:00:09]} 32. d5 {[%emt 0:00:02]} Bxc3
{[%emt 0:00:06] Dresden1-003 reconnected. . TimeW} 0-1

[Event "DSJ Weihnachtsturnier U16: Steinitz 2020"]
[Site ""]
[Date "2020.12.28"]
[Round "6"]
[White "Rehpenn, Tom"]
[Black "Quade, Luca"]
[Result "0-1"]
[Termination "normal"]
[Board "12.1"]
[WhiteElo "1419"]
[BlackElo "1528"]
[WhiteTeam "TuS Varrel"]
[BlackTeam "SF Schwerin"]
[PlyCount "132"]
[WhiteFideId "16254708"]
[EventRounds "7"]
[EventType "team-swiss"]
[EventDate "2020.12.28"]

1. e4 {[%emt 0:00:03]} e5 {[%emt 0:00:05]} 2. Nf3 {[%emt 0:00:02]} Nc6 { [%emt
0:00:03]} 3. Bc4 {[%emt 0:00:02]} Nf6 {[%emt 0:00:07]} 4. d3 {[%emt 0:00:07]}
Bc5 {[%emt 0:00:09]} 5. c3 {[%emt 0:00:08]} O-O {[%emt 0:00:08]} 6. Bg5 { [%emt
0:00:04]} h6 {[%emt 0:00:04]} 7. Bh4 {[%emt 0:00:08]} d6 {[%emt 0:00:28]} 8.
Nbd2 {[%emt 0:00:07]} Bg4 {[%emt 0:00:09]} 9. h3 {[%emt 0:00:25]} Bh5 { [%emt
0:00:02]} 10. g4 {[%emt 0:00:09]} Bg6 {[%emt 0:00:05]} 11. Nb3 {[%emt 0:00:05]}
Qd7 {[%emt 0:00:22]} 12. Bxf6 {[%emt 0:00:24]} gxf6 {[%emt 0:00:03]} 13. Nh4
{[%emt 0:00:12]} Ne7 {[%emt 0:00:21]} 14. Qf3 {[%emt 0:00:13]} Kg7 { [%emt
0:00:22]} 15. O-O-O {[%emt 0:00:38]} b5 {[%emt 0:00:34]} 16. Bd5 { [%emt
0:00:41]} c6 {[%emt 0:00:06]} 17. Nxc5 {[%emt 0:00:03]} dxc5 {[%emt 0:00:03]}
18. Bb3 {[%emt 0:00:04]} a5 {[%emt 0:00:10]} 19. a4 {[%emt 0:00:17]} bxa4
{[%emt 0:00:14]} 20. Bxa4 {[%emt 0:00:03]} Rab8 {[%emt 0:00:03]} 21. Qe3 {
[%emt 0:00:22]} Qb7 {[%emt 0:00:23]} 22. Rd2 {[%emt 0:00:37]} c4 {[%emt
0:00:57]} 23. dxc4 {[%emt 0:00:53]} c5 {[%emt 0:00:04]} 24. f3 {[%emt 0:00:46]}
Rfd8 {[%emt 0:00:15]} 25. Rhd1 {[%emt 0:00:10]} Qb6 {[%emt 0:00:18]} 26. f4 {
[%emt 0:00:46]} Rxd2 {[%emt 0:00:36]} 27. Rxd2 {[%emt 0:00:07]} Qb7 {[%emt
0:00:23]} 28. f5 {[%emt 0:00:12]} Bh7 {[%emt 0:00:11]} 29. Qxc5 {[%emt
0:00:33]} Nc8 {[%emt 0:00:45]} 30. Qxa5 {[%emt 0:00:54]} Nb6 {[%emt 0:00:26]}
31. c5 { [%emt 0:00:52]} Nc4 {[%emt 0:00:04]} 32. Qb4 {[%emt 0:00:15]} Qxb4
{[%emt 0:00:03]} 33. cxb4 {[%emt 0:00:05]} Nxd2 {[%emt 0:00:01]} 34. Kxd2
{[%emt 0:00:03]} Rxb4 {[%emt 0:00:02]} 35. Bc6 {[%emt 0:00:08]} Rc4 {[%emt
0:00:04]} 36. Nf3 { [%emt 0:00:17]} Rxc5 {[%emt 0:00:04]} 37. Bd5 {[%emt
0:00:09]} Rb5 {[%emt 0:00:06]} 38. h4 {[%emt 0:00:03]} Rxb2+ {[%emt 0:00:02]}
39. Ke3 {[%emt 0:00:02]} Rg2 {[%emt 0:00:05]} 40. g5 {[%emt 0:00:03]} fxg5
{[%emt 0:00:03]} 41. hxg5 { [%emt 0:00:01]} hxg5 {[%emt 0:00:02]} 42. Nxe5
{[%emt 0:00:01]} Rg3+ {[%emt 0:00:05]} 43. Kd4 {[%emt 0:00:01]} f6 {[%emt
0:00:07]} 44. Nd7 {[%emt 0:00:03]} Bg8 {[%emt 0:00:02]} 45. Bxg8 {[%emt
0:00:03]} Kxg8 {[%emt 0:00:02]} 46. Kd5 { [%emt 0:00:01]} Kf7 {[%emt 0:00:04]}
47. Kd6 {[%emt 0:00:04]} Rd3+ {[%emt 0:00:03]} 48. Kc6 {[%emt 0:00:03]} Rd4
{[%emt 0:00:05]} 49. Kc7 {[%emt 0:00:05]} Rxe4 {[%emt 0:00:05]} 50. Nb8 {[%emt
0:00:03]} Rc4+ {[%emt 0:00:06]} 51. Nc6 { [%emt 0:00:02]} g4 {[%emt 0:00:04]}
52. Kd6 {[%emt 0:00:02]} Rxc6+ {[%emt 0:00:01]} 53. Kxc6 {[%emt 0:00:01]} g3
{[%emt 0:00:01]} 54. Kd5 {[%emt 0:00:01]} g2 {[%emt 0:00:01]} 55. Ke4 {[%emt
0:00:01]} g1=Q {[%emt 0:00:02]} 56. Kf3 { [%emt 0:00:01]} Qf1+ {[%emt 0:00:03]}
57. Kg3 {[%emt 0:00:01]} Qxf5 {[%emt 0:00:02]} 58. Kg2 {[%emt 0:00:01]} Qf4
{[%emt 0:00:03]} 59. Kh3 {[%emt 0:00:01]} Qg5 {[%emt 0:00:02]} 60. Kh2 {[%emt
0:00:01]} Qg4 {[%emt 0:00:04]} 61. Kh1 { [%emt 0:00:01]} f5 {[%emt 0:00:01]}
62. Kh2 {[%emt 0:00:01]} f4 {[%emt 0:00:01] } 63. Kh1 {[%emt 0:00:01]} f3
{[%emt 0:00:01]} 64. Kh2 {[%emt 0:00:01]} f2 { [%emt 0:00:01]} 65. Kh1 {[%emt
0:00:03]} f1=Q+ {[%emt 0:00:01]} 66. Kh2 { [%emt 0:00:01]} Qfg2# {[%emt
0:00:01]} 0-1

[Event "DSJ Weihnachtsturnier U16: Steinitz 2020"]
[Site ""]
[Date "2020.12.28"]
[Round "6"]
[White "Baerens, Lennart"]
[Black "Weidenhöfer, Ben"]
[Result "0-1"]
[Termination "time forfeit"]
[Board "12.4"]
[WhiteElo "902"]
[BlackElo "954"]
[WhiteTeam "SF Schwerin"]
[BlackTeam "TuS Varrel"]
[PlyCount "66"]
[BlackFideId "16273702"]
[EventRounds "7"]
[EventType "team-swiss"]
[EventDate "2020.12.28"]

1. e4 {[%emt 0:00:06]} e5 {[%emt 0:00:02]} 2. Nf3 {[%emt 0:00:05]} Nc6 { [%emt
0:00:02]} 3. Nc3 {[%emt 0:00:04]} Bc5 {[%emt 0:00:03]} 4. Bb5 {[%emt 0:00:13]}
Nf6 {[%emt 0:00:06]} 5. Bxc6 {[%emt 0:00:15]} bxc6 {[%emt 0:00:00]} 6. Ng5
{[%emt 0:00:24]} O-O {[%emt 0:00:04]} 7. O-O {[%emt 0:00:05]} d5 {[%emt
0:00:13]} 8. Re1 {[%emt 0:00:24]} Bg4 {[%emt 0:00:10]} 9. Nf3 {[%emt 0:00:21]}
d4 {[%emt 0:00:14]} 10. Na4 {[%emt 0:00:14]} Bb4 {[%emt 0:00:18]} 11. h3 {[%emt
0:00:15]} Bh5 {[%emt 0:00:04]} 12. g4 {[%emt 0:00:21]} Bg6 {[%emt 0:00:01]} 13.
Nxe5 {[%emt 0:00:08]} Qd6 {[%emt 0:00:26]} 14. Nxg6 {[%emt 0:00:14]} hxg6 {
[%emt 0:00:07]} 15. a3 {[%emt 0:00:10]} Ba5 {[%emt 0:00:07]} 16. e5 {[%emt
0:00:11]} Qd5 {[%emt 0:00:22]} 17. exf6 {[%emt 0:00:15]} gxf6 {[%emt 0:00:09]}
18. Re7 {[%emt 0:00:36]} Qb5 {[%emt 0:00:17]} 19. b3 {[%emt 0:00:26]} Rfe8 {
[%emt 0:00:11]} 20. Rxe8+ {[%emt 0:00:16]} Rxe8 {[%emt 0:00:00]} 21. Nb2 {
[%emt 0:00:13]} Qe5 {[%emt 0:00:21]} 22. Nd3 {[%emt 0:00:40]} Qe4 {[%emt
0:00:17]} 23. f3 {[%emt 0:00:09]} Qd5 {[%emt 0:00:12]} 24. b4 {[%emt 0:00:21]}
Bb6 { [%emt 0:00:16]} 25. a4 {[%emt 0:00:12]} a5 {[%emt 0:00:15]} 26. bxa5
{[%emt 0:00:30]} Bxa5 {[%emt 0:00:05]} 27. Nf4 {[%emt 0:00:21]} Qd6 {[%emt
0:00:05]} 28. Nd3 {[%emt 0:00:09]} Qg3+ {[%emt 0:00:04]} 29. Kf1 {[%emt
0:00:18]} Qxh3+ { [%emt 0:00:04]} 30. Kf2 {[%emt 0:00:06]} Qh2+ {[%emt
0:00:08]} 31. Kf1 { [%emt 0:00:08]} Qh1+ {[%emt 0:00:04]} 32. Kf2 {[%emt
0:00:12]} Qxd1 {[%emt 0:00:08]} 33. Ne1 {[%emt 0:02:41]} Qe2+ {[%emt 0:00:12]
TimeW} 0-1

[Event "DSJ Weihnachtsturnier U16: Steinitz 2020"]
[Site ""]
[Date "2020.12.28"]
[Round "6"]
[White "Baumann, Lucas"]
[Black "Hix, Jonathan"]
[Result "0-1"]
[Termination "normal"]
[Board "13.3"]
[WhiteElo "866"]
[BlackElo "795"]
[WhiteTeam "SF 90 Spraitbach"]
[BlackTeam "SGem Aschheim/Feldkirchen/Kirchheim 2"]
[PlyCount "82"]
[BlackFideId "34634630"]
[EventRounds "7"]
[EventType "team-swiss"]
[EventDate "2020.12.28"]

1. e4 {[%emt 0:00:31]} e5 {[%emt 0:00:02]} 2. Nf3 {[%emt 0:00:04]} Nc6 { [%emt
0:00:02]} 3. Nc3 {[%emt 0:00:10]} Bc5 {[%emt 0:00:09]} 4. g3 {[%emt 0:00:05]}
d6 {[%emt 0:00:03]} 5. Bg2 {[%emt 0:00:04]} Nf6 {[%emt 0:00:02]} 6. O-O { [%emt
0:00:07]} O-O {[%emt 0:00:03]} 7. d3 {[%emt 0:00:02]} b6 {[%emt 0:00:04]} 8. a3
{[%emt 0:00:20]} Nd4 {[%emt 0:00:18]} 9. b4 {[%emt 0:00:17]} Nxf3+ { [%emt
0:00:12]} 10. Bxf3 {[%emt 0:00:02]} Bd4 {[%emt 0:00:06]} 11. Bb2 { [%emt
0:00:07]} Ng4 {[%emt 0:00:07]} 12. Bxg4 {[%emt 0:00:17]} Bxg4 {[%emt 0:00:13]}
13. Qxg4 {[%emt 0:00:03]} g6 {[%emt 0:00:02]} 14. Nd5 {[%emt 0:00:40]} Bxb2
{[%emt 0:00:28]} 15. Rab1 {[%emt 0:00:14]} Bxa3 {[%emt 0:00:22]} 16. Rb3 {
[%emt 0:00:08]} c6 {[%emt 0:00:07]} 17. Rxa3 {[%emt 0:00:45]} cxd5 {[%emt
0:00:03]} 18. exd5 {[%emt 0:00:08]} Qc8 {[%emt 0:00:14]} 19. c4 {[%emt
0:00:07]} Qxg4 {[%emt 0:00:03]} 20. Rfa1 {[%emt 0:00:37]} Qd4 {[%emt 0:00:22]}
21. Rxa7 { [%emt 0:00:24]} Rxa7 {[%emt 0:00:03]} 22. Rxa7 {[%emt 0:00:02]} Qxd3
{[%emt 0:00:02]} 23. Ra6 {[%emt 0:00:09]} Qxc4 {[%emt 0:00:04]} 24. Rxb6 {[%emt
0:00:02] } Qxd5 {[%emt 0:00:03]} 25. h4 {[%emt 0:00:19]} Qd4 {[%emt 0:00:04]}
26. Rb7 { [%emt 0:00:07]} Qc4 {[%emt 0:00:16]} 27. b5 {[%emt 0:00:09]} Qb4
{[%emt 0:00:08]} 28. Rb6 {[%emt 0:00:07]} d5 {[%emt 0:00:03]} 29. f3 {[%emt
0:00:13]} d4 { [%emt 0:00:11]} 30. Rc6 {[%emt 0:00:16]} Qxb5 {[%emt 0:00:07]}
31. Rc2 { [%emt 0:00:07]} d3 {[%emt 0:00:04]} 32. Rd2 {[%emt 0:00:04]} Qb1+
{[%emt 0:00:08]} 33. Kf2 {[%emt 0:00:02]} Rd8 {[%emt 0:00:22]} 34. f4 {[%emt
0:00:04]} exf4 {[%emt 0:00:03]} 35. gxf4 {[%emt 0:00:02]} Qc2 {[%emt 0:00:02]}
36. Rxc2 { [%emt 0:00:07]} dxc2 {[%emt 0:00:01]} 37. Kg3 {[%emt 0:00:05]} c1=Q
{[%emt 0:00:03]} 38. Kg4 {[%emt 0:00:02]} h5+ {[%emt 0:00:11]} 39. Kg5 {[%emt
0:00:02]} Rd5+ {[%emt 0:00:06]} 40. Kh6 {[%emt 0:00:08]} Rd4 {[%emt 0:00:09]}
41. Kg5 { [%emt 0:00:07]} Qxf4# {[%emt 0:00:02]} 0-1